Malezas de los canales de riego y drenaje del valle inferior del rio colorado pcia. bs. as. /

Guardado en:
Autor Principal: Lamberto, Sergio A
Formato: Libro
Publicado: Bahía Blanca : Departamento de Agronomía. Universidad Nacional del Sur, 1999
Materias:
Etiquetas: Agregar Etiqueta
Sin Etiquetas, Sea el primero en etiquetar este registro!
LEADER 00987nam a22002175a 4500
001 CEM.cems016696
005 20131011155218.0
008 130507s1999##################000#0#####d
003 CEMS
082 0 4 |a 632.58 
100 1 |a Lamberto, Sergio A 
245 1 0 |a Malezas de los canales de riego y drenaje del valle inferior del rio colorado pcia. bs. as. /  |c Sergio A. Lamberto, Estela M. Aramayo, Alda F. Valle y Ana Andrada 
260 |a Bahía Blanca :  |b Departamento de Agronomía. Universidad Nacional del Sur,  |c 1999 
300 |a 76 p. 
653 |a Malezas 
859 |a CEMS  |b BIB. CEMS - Agricultura  |h 632.58  |i L176  |p A0283.00  |t Ej.1 
859 |a CEMS  |b BIB. CEMS - Agricultura  |h 632.58  |i L176  |p A0450.03  |t Ej.2 
859 |a CEMS  |b BIB. CEMS - Agricultura  |h 632.58  |i L176  |p A0451.03  |t Ej.3 
859 |a CEMS  |b BIB. CEMS - Agricultura  |h 632.58  |i L176  |p A0452.03  |t Ej.4 
859 |a CEMS  |b BIB. CEMS - Agricultura  |h 632.58  |i L176  |p A0453.03  |t Ej.5 
859 |a CEMS  |b BIB. CEMS - Agricultura  |h 632.58  |i L176  |p A0454.03  |t Ej.6